Ekológia: Ilúzia či realita?

Tvrdé ekologické podmienky pre nákladné vozidlá. Znečisťovanie životného prostredia námornými loďami. Znečisťovanie ovzdušia najmä na východnom pobreží Ázie. Emisné reštrikcie európskych aj amerických orgánov.

Salvato in:
Dettagli Bibliografici
Autore principale: Brezovský, Jozef
Natura: Capitolo di libro
Lingua:slovacco
Soggetti:
Tags: Aggiungi Tag
Nessun Tag, puoi essere il primo ad aggiungerne!!

MARC

LEADER 00000naa a2200000 4500
001 0236698
005 20171023093933.6
041 0 |a slo 
044 |a CZ 
245 1 0 |a Ekológia: Ilúzia či realita?  |c Jozef Brezovský 
520 |a Tvrdé ekologické podmienky pre nákladné vozidlá. Znečisťovanie životného prostredia námornými loďami. Znečisťovanie ovzdušia najmä na východnom pobreží Ázie. Emisné reštrikcie európskych aj amerických orgánov. 
610 2 0 |a ochrana prostredia životného 
610 2 0 |a ochrana ovzdušia 
610 2 0 |a emisie 
610 2 0 |a doprava cestná nákladná 
610 2 0 |a doprava námorná 
610 2 0 |a regulácia 
610 2 0 |a Ázia 
100 1 |a Brezovský, Jozef